[Event "ROM-ch U14"]
[Site "Calimanesti Caciulata"]
[Date "2019.04.21"]
[Round "8"]
[White "Vilcu, Matei Stefan"]
[Black "Mihai, Florin"]
[Result "1-0"]
[WhiteElo "1950"]
[BlackElo "1675"]
[PlyCount "41"]
[EventDate "2019.04.15"]
[EventType "swiss"]
[EventRounds "9"]
[EventCountry "ROU"]
[SourceTitle "CBM 190 Extra"]
[Source "ChessBase"]
[SourceDate "2019.07.15"]
[SourceVersion "1"]
[SourceVersionDate "2019.07.15"]
[SourceQuality "1"]

1. e4 e6 2. d3 d5 3. Nd2 c6 4. Ngf3 Nd7 5. g3 Be7 6. Bg2 Qc7 7. 0-0 h5 8. h4 Ngf6 9. Re1 Ng4 10. Nf1 Bd6 11. Ng5 Bc5 12. d4 Be7 13. Bf4 Bd6 14. exd5 cxd5 15. Nxe6 fxe6 16. Rxe6+ Kf7 17. Rxd6 Qa5 18. Bxd5+ Kf8 19. Qe1 Qxe1 20. Rxe1 Ndf6 21. Rd8+ 1-0

[Event "ROM-ch U12"]
[Site "Calimanesti"]
[Date "2018.04.03"]
[Round "9"]
[White "Tablan, Andrei Damian"]
[Black "Mihai, Florin"]
[Result "1/2-1/2"]
[WhiteElo "1494"]
[BlackElo "1583"]
[PlyCount "100"]
[EventDate "2018.03.27"]
[EventType "swiss"]
[EventRounds "9"]
[EventCountry "ROU"]
[SourceTitle "CBM 183 Extra"]
[Source "ChessBase"]
[SourceDate "2018.04.19"]
[SourceVersion "1"]
[SourceVersionDate "2018.04.19"]
[SourceQuality "1"]

1. d4 d5 2. Nf3 c5 3. c3 Nc6 4. g3 Nf6 5. Bg2 Bg4 6. 0-0 e6 7. b3 cxd4 8. cxd4 Bd6 9. Bb2 0-0 10. Nbd2 Qe7 11. Ne5 Bf5 12. f3 Bg6 13. e4 dxe4 14. Nxg6 hxg6 15. fxe4 Bc7 16. e5 Nd5 17. Bxd5 exd5 18. Nb1 Bb6 19. Kh1 Qe6 20. Na3 Ne7 21. Rc1 Nf5 22. Qd3 Rac8 23. Nc2 Rc7 24. Ne3 Nxe3 25. Qxe3 Rfc8 26. Rxc7 Rxc7 27. Rc1 Rxc1+ 28. Qxc1 Qc6 29. Qxc6 bxc6 30. b4 Kf8 31. Kg2 Ke7 32. Kf3 Ke6 33. h3 a6 34. Bc3 Kd7 35. Ke3 Bd8 36. Kd3 Kc7 37. Bd2 f6 38. Bf4 Kd7 39. exf6 Bxf6 40. Be3 Be7 41. Bd2 Ke6 42. Ke2 Kf5 43. Kf3 Bf6 44. Be3 g5 45. g4+ Ke6 46. Ke2 Kd7 47. Kd3 Kc7 48. Kc3 Kb6 49. Bf2 g6 50. Bg3 Kb5 1/2-1/2

[Event "ROM-ch U10"]
[Site "Calimanesti Caciulata"]
[Date "2016.04.19"]
[Round "2"]
[White "Mihai, Florin"]
[Black "Crecan, Dragos Matei"]
[Result "1-0"]
[WhiteElo "1443"]
[BlackElo "1229"]
[PlyCount "31"]
[EventDate "2016.04.18"]
[EventType "swiss"]
[EventRounds "9"]
[EventCountry "ROU"]
[SourceTitle "CBM 172 Extra"]
[Source "ChessBase"]
[SourceDate "2016.06.21"]
[SourceVersion "1"]
[SourceVersionDate "2016.06.21"]
[SourceQuality "1"]

1. d4 Nf6 2. c4 d5 3. cxd5 Qxd5 4. Nc3 Qa5 5. Nf3 Nc6 6. e3 Bg4 7. Bd2 0-0-0 8. Be2 e6 9. h3 Bh5 10. a3 Be7 11. Rc1 h6 12. Bc4 Qf5 13. Be2 g5 14. g4 Bxg4 15. hxg4 Qxg4 16. Ne5 1-0

[Event "ROM-ch U08"]
[Site "Calimanesti"]
[Date "2014.04.13"]
[Round "9"]
[White "Nedelcu, Teodor Cosmin"]
[Black "Mihai, Florin"]
[Result "1-0"]
[WhiteElo "1314"]
[BlackElo "1264"]
[PlyCount "71"]
[EventDate "2014.04.06"]
[EventType "swiss"]
[EventRounds "9"]
[EventCountry "ROU"]
[SourceTitle "CBM 160 Extra"]
[Source "ChessBase"]
[SourceDate "2014.07.01"]
[SourceVersion "1"]
[SourceVersionDate "2014.07.01"]
[SourceQuality "1"]

1. d4 d5 2. c4 e6 3. Nc3 Nf6 4. Bg5 Be7 5. e3 Nbd7 6. Bd3 dxc4 7. Bxc4 c6 8. Nf3 b5 9. Bb3 a6 10. 0-0 0-0 11. Bc2 h6 12. Bxf6 Nxf6 13. Qd3 Bb7 14. e4 c5 15. e5 c4 16. Qe2 Nd7 17. Bb1 Re8 18. Qc2 g6 19. Qe2 Nb6 20. Qe3 Bf8 21. h3 Bxf3 22. gxf3 Nd5 23. Nxd5 exd5 24. Kh2 Kg7 25. Rg1 Qd7 26. f4 Kh8 27. Qg3 b4 28. f5 g5 29. Qg4 Qc7 30. f6 Qc8 31. Qh5 Qc7 32. Rxg5 Qd7 33. Rg3 Rac8 34. Bf5 Rc7 35. Qg4 Be7 36. Qg7# 1-0

[Event "ROM-ch U08"]
[Site "Calimanesti"]
[Date "2014.04.08"]
[Round "3"]
[White "Mihai, Florin"]
[Black "Hogas, Mihai"]
[Result "0-1"]
[WhiteElo "1264"]
[BlackElo "1191"]
[PlyCount "164"]
[EventDate "2014.04.06"]
[EventType "swiss"]
[EventRounds "9"]
[EventCountry "ROU"]
[SourceTitle "CBM 160 Extra"]
[Source "ChessBase"]
[SourceDate "2014.07.01"]
[SourceVersion "1"]
[SourceVersionDate "2014.07.01"]
[SourceQuality "1"]

1. d4 f5 2. e4 fxe4 3. Nc3 Nf6 4. Bg5 d5 5. Bxf6 exf6 6. Qh5+ g6 7. Qxd5 Qe7 8. Qxe4 Qxe4+ 9. Nxe4 Bg7 10. 0-0-0 0-0 11. Bc4+ Kh8 12. Nf3 Bf5 13. Ng3 Bg4 14. Be2 c6 15. h3 Be6 16. Kb1 Nd7 17. Rhe1 Rae8 18. Bd3 Nb6 19. Re2 Nd5 20. Ree1 Nf4 21. Bf1 Bd5 22. Re3 Rxe3 23. fxe3 Nxh3 24. e4 Nf2 25. Re1 Bf7 26. Nh2 f5 27. exf5 Bxd4 28. fxg6 Bxg6 29. Re7 Re8 30. Rxe8+ Bxe8 31. Nf3 Bf6 32. Bc4 Ng4 33. Nf5 Bg6 34. N3h4 Bxh4 35. Nxh4 Be4 36. Bd3 Bd5 37. Be2 Ne3 38. Bf3 Bxf3 39. gxf3 Kg7 40. Kc1 Kf6 41. Kd2 Nf5 42. Ng2 h5 43. c3 Kg5 44. Ke2 h4 45. Kf2 h3 46. Ne1 Kh4 47. Kg1 Kg3 48. b3 Nh4 49. f4 Kxf4 50. Kh2 Nf3+ 51. Nxf3 Kxf3 52. Kxh3 Ke2 53. Kg2 Kd2 54. Kf2 Kxc3 55. Ke3 Kb2 56. Kd3 Kxa2 57. Kc3 Ka3 58. b4 b6 59. Kc4 a5 60. bxa5 bxa5 61. Kc3 a4 62. Kc2 Kb4 63. Kb2 c5 64. Ka2 c4 65. Kb2 a3+ 66. Ka2 Kc3 67. Ka1 Kd2 68. Ka2 c3 69. Ka1 c2 70. Ka2 Kd1 71. Kb3 c1Q 72. Kb4 Qb2+ 73. Kc5 a2 74. Kc4 a1R 75. Kc5 Ke2 76. Kd5 Rd1+ 77. Ke4 Qb3 78. Kf4 Rd4+ 79. Kf5 Qb5+ 80. Kf6 Rd6+ 81. Kf7 Qb7+ 82. Kf8 Rd8# 0-1